Flora de interés apícola y polinazación de cultivos /
Guardado en:
| Autor Principal: | |
|---|---|
| Formato: | Libro |
| Publicado: |
Madrid :
Mundi-prensa,
1987
|
| Materias: | |
| Etiquetas: |
Agregar Etiqueta
Sin Etiquetas, Sea el primero en etiquetar este registro!
|
| LEADER | 00978nam a22002295a 4500 | ||
|---|---|---|---|
| 001 | CEM.cems017584 | ||
| 005 | 20110517121916.0 | ||
| 008 | 130507s1987##################000#0#####d | ||
| 003 | CEMS | ||
| 020 | |a 8471141736 | ||
| 082 | 0 | 4 | |a 638.1 |
| 100 | 1 | |a Ortega Sada, José Luis | |
| 245 | 1 | 0 | |a Flora de interés apícola y polinazación de cultivos / |c José Luis Ortega Sada |
| 260 | |a Madrid : |b Mundi-prensa, |c 1987 | ||
| 300 | |a 149 p. | ||
| 500 | |a Glosario de términos botánicosglosario de nombres vulgares en español, catalán, gallego, valenciano y vascuence | ||
| 505 | 0 | |a La polinización de las plantas entomófilas - Flora espontánea que motiva la tashumancia -- La polinización de los cultivos -- Epocas de floración -- Descripción botánica de las especies de interés apícola | |
| 653 | |a Apicultura | ||
| 653 | |a Agricultura | ||
| 653 | |a Polinización-mecanismo | ||
| 653 | |a Cultivos-polinización | ||
| 859 | |a CEMS |b BIB. CEMS - Agricultura |h 638.1 |i Or82 |p A1348.11 |t Ej.1 | ||
